000 00460nam a2200181Ia 4500
005 20240823014830.0
008 240823s9999||||xx |||||||||||||| ||und||
041 _aENGLISH
082 _A620.11 N3
100 _aKhanna O P
245 2 _aA Text Book of Material Science and Metallurgy
250 _a1st
260 _c1993
_b"Dhanpat Rai,Delhi"
500 _aYES
650 _aMaterials Science
_bAeronautical Engineering
942 _cBK
999 _c171015
_d171015